[Event "Belem Paraense Cup"]
[Site "Belem"]
[Date "2014.08.23"]
[Round "4"]
[White "Marcos, Joselito"]
[Black "Ribeiro, Carlos Afonso"]
[Result "0-1"]
[WhiteElo "1815"]
[BlackElo "1805"]
[PlyCount "64"]
[EventDate "2014.08.22"]
[EventType "swiss"]
[EventRounds "6"]
[EventCountry "BRA"]
[SourceTitle "EXT 2015"]
[Source "ChessBase"]
[SourceDate "2014.11.20"]
[SourceVersion "1"]
[SourceVersionDate "2014.11.20"]
[SourceQuality "1"]

1. e4 c5 2. Nf3 e6 3. d4 cxd4 4. Nxd4 a6 5. Nc3 Qc7 6. Be3 Nf6 7. Bd3 b5 8. 0-0 Bb7 9. f3 Bc5 10. Bf2 Nc6 11. Nxc6 Bxf2+ 12. Rxf2 Bxc6 13. Qd2 d5 14. Qg5 0-0 15. e5 h6 16. Qe3 Nd7 17. Re1 f6 18. exf6 Rxf6 19. Ne2 e5 20. Ng3 Raf8 21. Rfe2 Re6 22. Bf5 Re7 23. Qd3 e4 24. fxe4 Nc5 25. Qd4 Nxe4 26. Bxe4 dxe4 27. Nxe4 Rf4 28. Nf6+ gxf6 29. Rxe7 Qxe7 30. Qd2 Qc5+ 31. Kh1 Qd5 32. Qe2 Re4 0-1

[Event "Palau 3rd"]
[Site "Koror"]
[Date "2011.12.16"]
[Round "4"]
[White "Marcos, Joselito"]
[Black "Balbalosa, Jeffrey"]
[Result "1-0"]
[WhiteElo "2027"]
[BlackElo "1528"]
[PlyCount "63"]
[EventDate "2011.12.14"]
[EventType "tourn"]
[EventRounds "9"]
[EventCountry "AUS"]
[SourceTitle "CBM 146 Extra"]
[Source "ChessBase"]
[SourceDate "2012.02.29"]
[SourceVersion "1"]
[SourceVersionDate "2012.02.29"]
[SourceQuality "1"]

1. e4 e6 2. d4 d5 3. Nd2 Nc6 4. c3 dxe4 5. Nxe4 Nf6 6. Bd3 e5 7. Qe2 Nxe4 8. Bxe4 Be7 9. Bxc6+ bxc6 10. dxe5 0-0 11. Bf4 a5 12. Nf3 Ba6 13. Qd2 Qxd2+ 14. Bxd2 f6 15. Be3 Rad8 16. Rd1 Rxd1+ 17. Kxd1 Rd8+ 18. Kc1 c5 19. Rd1 Rxd1+ 20. Kxd1 fxe5 21. Nxe5 Bb7 22. f3 a4 23. b3 axb3 24. axb3 Bd6 25. Nc4 h6 26. h3 Kf7 27. Kc2 Kf6 28. Nd2 g5 29. Kd3 Kg6 30. Ne4 Bxe4+ 31. Kxe4 Kf6 32. Kd5 1-0

[Event "Oceania zt"]
[Site "Rotorua"]
[Date "2011.01.29"]
[Round "7"]
[White "Marcos, Joselito"]
[Black "Setiabudi, Allen"]
[Result "0-1"]
[WhiteElo "2095"]
[BlackElo "1906"]
[PlyCount "76"]
[EventDate "2011.01.25"]
[EventType "swiss"]
[EventRounds "9"]
[EventCountry "NZL"]
[SourceTitle "CBM 140 Extra"]
[Source "ChessBase"]
[SourceDate "2011.03.01"]
[SourceVersion "1"]
[SourceVersionDate "2011.03.01"]
[SourceQuality "1"]

1. Nf3 d6 2. g3 e5 3. d3 f5 4. Nbd2 Nf6 5. b3 Nc6 6. Bb2 Be7 7. Bg2 0-0 8. c4 Qe8 9. Qc2 Bd8 10. 0-0 Qh5 11. d4 e4 12. d5 exf3 13. Bxf3 Ng4 14. Bxg4 fxg4 15. dxc6 bxc6 16. f4 gxf3 17. Rxf3 Re8 18. Raf1 Be6 19. Qc3 Qg6 20. Ne4 Bg4 21. Nf6+ Bxf6 22. Rxf6 gxf6 23. Rxf6 Qb1+ 24. Rf1 Qxf1+ 25. Kxf1 Bh3+ 26. Ke1 Re5 27. Qf3 Rf8 28. Qxc6 Ref5 29. Qxc7 R5f7 30. Qa5 Bf5 31. g4 Bg6 32. Qd5 Re8 33. Bf6 Be4 34. Qd4 Bf3 35. e3 Re4 36. Qxd6 Rxg4 37. Bd4 Rg2 38. Qe5 Re2+ 0-1

[Event "Oceania zt"]
[Site "Rotorua"]
[Date "2011.01.28"]
[Round "6"]
[White "Fuatai, Fuatai"]
[Black "Marcos, Joselito"]
[Result "1-0"]
[WhiteElo "2015"]
[BlackElo "2095"]
[PlyCount "93"]
[EventDate "2011.01.25"]
[EventType "swiss"]
[EventRounds "9"]
[EventCountry "NZL"]
[SourceTitle "CBM 140 Extra"]
[Source "ChessBase"]
[SourceDate "2011.03.01"]
[SourceVersion "1"]
[SourceVersionDate "2011.03.01"]
[SourceQuality "1"]

1. e4 e6 2. d4 d5 3. Nc3 Nf6 4. e5 Nfd7 5. f4 c5 6. Nf3 Nc6 7. Be3 a6 8. Qd2 b5 9. g3 Bb7 10. Bh3 g6 11. 0-0 cxd4 12. Nxd4 Nxd4 13. Bxd4 Bc5 14. Ne2 Qb6 15. c3 a5 16. Qe3 b4 17. Rac1 Ba6 18. Rf2 Bxe2 19. Rxe2 0-0 20. g4 Rfc8 21. Rd1 bxc3 22. bxc3 Bxd4 23. cxd4 Rc4 24. f5 Kg7 25. f6+ Kh8 26. Bf1 Rb4 27. Rd3 Rg8 28. Rc2 a4 29. Rc8 Nxf6 30. exf6 e5 31. Rxg8+ Kxg8 32. Qxe5 Qe6 33. Qxe6 fxe6 34. Be2 g5 35. Kf2 Kf7 36. Ke3 Rb2 37. Ra3 Rb4 38. Bd1 Kxf6 39. Rxa4 Rb1 40. Kd2 Rb6 41. Ra8 e5 42. dxe5+ Kxe5 43. a4 Rh6 44. a5 Rxh2+ 45. Be2 h5 46. gxh5 g4 47. a6 1-0

[Event "Olympiad-39"]
[Site "Khanty-Mansiysk"]
[Date "2010.10.01"]
[Round "10.1"]
[White "Meier, Kurt"]
[Black "Marcos, Joselito"]
[Result "0-1"]
[WhiteElo "1991"]
[BlackElo "2115"]
[PlyCount "92"]
[EventDate "2010.09.21"]
[EventType "team-swiss"]
[EventRounds "11"]
[EventCountry "RUS"]
[SourceTitle "CBM 139"]
[Source "ChessBase"]
[SourceDate "2010.11.18"]
[SourceVersion "1"]
[SourceVersionDate "2010.11.18"]
[SourceQuality "1"]
[WhiteTeam "Seychelles"]
[BlackTeam "Papua New Guinea"]
[WhiteTeamCountry "SEY"]
[BlackTeamCountry "PNG"]

1. e4 e6 2. d4 c5 3. d5 Nf6 4. Nc3 d6 5. Be2 exd5 6. exd5 Be7 7. Nf3 0-0 8. 0-0 Bg4 9. h3 Bxf3 10. Bxf3 Na6 11. Bf4 Nc7 12. Qd3 a6 13. a4 Qd7 14. a5 Nb5 15. Ne4 Nxe4 16. Bxe4 f5 17. Bf3 Bf6 18. c3 Rae8 19. Qd2 Be5 20. Rfe1 Qd8 21. g3 Qf6 22. Bh5 Bxf4 23. Qxf4 g6 24. Be2 Nc7 25. h4 Re4 26. Qd2 f4 27. Bg4 Re5 28. Rxe5 Qxe5 29. Re1 Qf6 30. Qe2 Re8 31. Be6+ Kg7 32. Qg4 fxg3 33. fxg3 Rf8 34. Qe2 Qf3 35. Qxf3 Rxf3 36. Kg2 Rf8 37. c4 Re8 38. Re3 Nxe6 39. dxe6 Kf6 40. Rb3 Re7 41. Rb6 Kxe6 42. b4 Ke5 43. b5 axb5 44. cxb5 Kd5 45. a6 bxa6 46. bxa6 Ra7 0-1

[Event "Olympiad-39"]
[Site "Khanty-Mansiysk"]
[Date "2010.09.29"]
[Round "8.1"]
[White "Marcos, Joselito"]
[Black "Kirby, Peter J"]
[Result "1/2-1/2"]
[WhiteElo "2115"]
[BlackElo "2031"]
[PlyCount "54"]
[EventDate "2010.09.21"]
[EventType "team-swiss"]
[EventRounds "11"]
[EventCountry "RUS"]
[SourceTitle "CBM 139"]
[Source "ChessBase"]
[SourceDate "2010.11.18"]
[SourceVersion "1"]
[SourceVersionDate "2010.11.18"]
[SourceQuality "1"]
[WhiteTeam "Papua New Guinea"]
[BlackTeam "Channel Islands"]
[WhiteTeamCountry "PNG"]
[BlackTeamCountry "GCI"]

1. Nf3 Nf6 2. d4 g6 3. c4 Bg7 4. Nc3 d5 5. Bf4 0-0 6. Qd2 c6 7. cxd5 Nxd5 8. Bh6 Qa5 9. Bxg7 Kxg7 10. e4 Nxc3 11. bxc3 Nd7 12. Be2 Rd8 13. 0-0 b6 14. Rfd1 Ba6 15. Bxa6 Qxa6 16. Qf4 Qa5 17. Ng5 Rf8 18. Rd3 h6 19. Nf3 Rac8 20. h4 Nf6 21. g4 h5 22. g5 Nd7 23. Nd2 Qa6 24. Qg3 Qb7 25. Re1 Qa6 26. Ra1 Qb7 27. Re1 Qa6 1/2-1/2

[Event "Olympiad-39"]
[Site "Khanty-Mansiysk"]
[Date "2010.09.27"]
[Round "6.1"]
[White "Murara, Maxence"]
[Black "Marcos, Joselito"]
[Result "0-1"]
[WhiteElo "1685"]
[BlackElo "2115"]
[PlyCount "88"]
[EventDate "2010.09.21"]
[EventType "team-swiss"]
[EventRounds "11"]
[EventCountry "RUS"]
[SourceTitle "CBM 139"]
[Source "ChessBase"]
[SourceDate "2010.11.18"]
[SourceVersion "1"]
[SourceVersionDate "2010.11.18"]
[SourceQuality "1"]
[WhiteTeam "Rwanda"]
[BlackTeam "Papua New Guinea"]
[WhiteTeamCountry "RWA"]
[BlackTeamCountry "PNG"]

1. e4 e6 2. d4 d5 3. Nc3 Nf6 4. e5 Nfd7 5. Nf3 c5 6. dxc5 Bxc5 7. Bd3 Nc6 8. Qe2 f6 9. Nh4 Ncxe5 10. Qh5+ Nf7 11. Bf4 Bb4 12. 0-0 Bxc3 13. bxc3 g5 14. Nf5 gxf4 15. Nd6+ Ke7 16. Nxf7 Qe8 17. Rfe1 Ne5 18. Rxe5 Qxf7 19. Qxf7+ Kxf7 20. Ree1 Bd7 21. c4 d4 22. Rab1 Bc6 23. Be4 Rab8 24. Rb3 f5 25. Bxc6 bxc6 26. Reb1 Rxb3 27. Rxb3 Re8 28. Rb7+ Re7 29. Rb3 e5 30. f3 e4 31. Kf2 Kf6 32. g3 e3+ 33. Ke2 fxg3 34. hxg3 Rg7 35. c3 c5 36. cxd4 cxd4 37. g4 fxg4 38. fxg4 Rxg4 39. Kf3 Rg7 40. Rb5 Re7 41. Ke2 d3+ 42. Ke1 Rg7 43. Kf1 e2+ 44. Kf2 Rg1 0-1

[Event "Olympiad-39"]
[Site "Khanty-Mansiysk"]
[Date "2010.09.23"]
[Round "3.1"]
[White "Matoewi, Roger"]
[Black "Marcos, Joselito"]
[Result "1-0"]
[WhiteElo "2151"]
[BlackElo "2115"]
[PlyCount "83"]
[EventDate "2010.09.21"]
[EventType "team-swiss"]
[EventRounds "11"]
[EventCountry "RUS"]
[SourceTitle "CBM 139"]
[Source "ChessBase"]
[SourceDate "2010.11.18"]
[SourceVersion "1"]
[SourceVersionDate "2010.11.18"]
[SourceQuality "1"]
[WhiteTeam "Surinam"]
[BlackTeam "Papua New Guinea"]
[WhiteTeamCountry "SUR"]
[BlackTeamCountry "PNG"]

1. e4 c5 2. Nf3 d6 3. d4 cxd4 4. Nxd4 Nf6 5. Nc3 g6 6. Be2 Bg7 7. Be3 Nc6 8. 0-0 0-0 9. Nb3 Na5 10. Qd2 Be6 11. Bh6 Rc8 12. Bxg7 Kxg7 13. Qd4 Nc6 14. Qe3 a5 15. Rfd1 Ne5 16. Nd4 Bc4 17. f4 Bxe2 18. fxe5 Bxd1 19. exf6+ exf6 20. Rxd1 Re8 21. Qg3 Rxc3 22. Qxc3 Rxe4 23. Kh1 d5 24. Nf3 Qb6 25. Nd4 Qa6 26. a4 Rf4 27. Qe3 Re4 28. Qf2 Qc4 29. b3 Qc3 30. h3 f5 31. Nf3 Qc6 32. Ng5 Re5 33. Qd4 f6 34. Nf3 Re4 35. Qf2 Qc3 36. Rxd5 Qa1+ 37. Kh2 Qc1 38. Rd7+ Kg8 39. Qc5 Qf4+ 40. Kh1 Re8 41. Qd5+ Kh8 42. Qf7 1-0

[Event "Olympiad-39"]
[Site "Khanty-Mansiysk"]
[Date "2010.09.22"]
[Round "2.1"]
[White "Collins, Sam E"]
[Black "Marcos, Joselito"]
[Result "1-0"]
[WhiteElo "2431"]
[BlackElo "2115"]
[PlyCount "71"]
[EventDate "2010.09.21"]
[EventType "team-swiss"]
[EventRounds "11"]
[EventCountry "RUS"]
[SourceTitle "CBM 139"]
[Source "ChessBase"]
[SourceDate "2010.11.18"]
[SourceVersion "1"]
[SourceVersionDate "2010.11.18"]
[SourceQuality "1"]
[WhiteTeam "Ireland"]
[BlackTeam "Papua New Guinea"]
[WhiteTeamCountry "IRL"]
[BlackTeamCountry "PNG"]

1. d4 d5 2. c4 c6 3. Nf3 Nf6 4. Nc3 a6 5. h3 e6 6. c5 a5 7. Bf4 b5 8. cxb6 Qxb6 9. a3 Nfd7 10. Na4 Qa7 11. Rc1 Ba6 12. e3 Bxf1 13. Kxf1 Be7 14. g4 0-0 15. Kg2 Rc8 16. h4 c5 17. Nxc5 Nxc5 18. b4 axb4 19. axb4 Qb7 20. bxc5 Nc6 21. Rb1 Qd7 22. Ne5 Nxe5 23. Bxe5 f6 24. Bg3 Bd8 25. Qd3 Bc7 26. Rb7 Qc6 27. Qb5 Qxb5 28. Rxb5 Bxg3 29. Kxg3 Rc7 30. Rhb1 Kf7 31. Rb7 Rac8 32. R1b6 Ke7 33. h5 g5 34. Kf3 Kd7 35. Rd6+ Ke7 36. Rbb6 1-0

[Event "Oceania zt"]
[Site "Gold Coast"]
[Date "2009.06.20"]
[Round "1"]
[White "Rachmadi, Herman"]
[Black "Marcos, Joselito"]
[Result "1/2-1/2"]
[WhiteElo "1842"]
[BlackElo "2200"]
[PlyCount "41"]
[EventDate "2009.06.20"]
[EventType "swiss"]
[EventRounds "9"]
[EventCountry "AUS"]
[SourceTitle "CBM 130 Extra"]
[Source "ChessBase"]
[SourceDate "2009.07.02"]
[SourceVersion "2"]
[SourceVersionDate "2009.07.15"]
[SourceQuality "1"]

1. d4 d5 2. c4 c6 3. Nc3 Nf6 4. Nf3 a6 5. a4 e6 6. e3 Nbd7 7. Bd3 Bb4 8. 0-0 0-0 9. Qc2 dxc4 10. Bxc4 Qa5 11. Bd2 e5 12. Rfd1 exd4 13. exd4 Nb6 14. Bd3 Bg4 15. Ne4 Nbd5 16. Bg5 Bxf3 17. gxf3 Be7 18. Nxf6+ Bxf6 19. Bxh7+ Kh8 20. Bxf6 Nxf6 21. Be4 1/2-1/2

[Event "PNG-ch"]
[Site "Port Moresby"]
[Date "2003.04.20"]
[Round "6"]
[White "Fancy, Stuart"]
[Black "Marcos, Joselito"]
[Result "0-1"]
[WhiteElo "2195"]
[BlackElo "2200"]
[PlyCount "70"]
[EventDate "2003.04.18"]
[EventType "swiss"]
[EventRounds "8"]
[EventCountry "PNG"]
[SourceTitle "EXT 2004"]
[Source "ChessBase"]
[SourceDate "2003.11.25"]
[SourceVersion "1"]
[SourceVersionDate "2003.11.25"]
[SourceQuality "1"]

1. e4 e6 2. d4 d5 3. e5 c5 4. c3 Nc6 5. Nf3 Bd7 6. Bd3 Qb6 7. dxc5 Bxc5 8. 0-0 a5 9. Qe2 Nge7 10. Bf4 Ng6 11. Bg3 Nce7 12. Rd1 0-0 13. h4 f5 14. exf6 Rxf6 15. c4 Nf4 16. Bxf4 Rxf4 17. Nc3 Raf8 18. Rac1 e5 19. Nxd5 Nxd5 20. cxd5 Bg4 21. Bxh7+ Kh8 22. Qc2 Bxf3 23. gxf3 Bd4 24. Be4 Qh6 25. Qc8 g6 26. Qh3 Rxh4 27. Qg2 Rh5 28. Rc7 Rg5 29. Rxb7 Rxg2+ 30. Kxg2 Qg5+ 31. Kf1 Qh4 32. Rd2 Rc8 33. Rxd4 exd4 34. d6 Rc1+ 35. Ke2 Qh1 0-1